Top 50 Baby Girl Names Beginning with R - Statistics

General Stats
  • This quiz has been taken 258 times
  • The average score is 25 of 50
Answer Stats
Hint Answer % Correct
5 Rose
89%
13 Rachel
84%
32 Rhea
82%
1 Riley
79%
33 Rosa
79%
3 Rylee
79%
9 Ryleigh
79%
17 Rylie
79%
27 Rosie
76%
14 Rebecca
72%
41 Rebekah
72%
2 Ruby
69%
12 Ruth
63%
39 Rayne
61%
18 Reign
61%
25 Ryan
56%
40 Ryann
56%
42 Rosalee
55%
11 Rosalie
55%
16 Rowan
53%
8 Reese
50%
7 Remi
49%
28 Remy
49%
46 Rosalyn
49%
36 Roselyn
49%
22 Raven
46%
50 Raya
45%
15 Raegan
44%
6 Reagan
44%
10 River
44%
26 Rory
41%
24 Rosemary
41%
44 Raina
40%
45 Ramona
40%
49 Raquel
40%
35 Rayna
40%
30 Reina
40%
31 Reyna
40%
48 Robin
40%
23 Regina
37%
20 Raelyn
35%
4 Raelynn
35%
47 Rylan
29%
37 Rosalia
24%
29 Renata
20%
19 Remington
18%
38 Royal
17%
21 Royalty
12%
34 Romina
7%
43 Riyka
2%
No matching quizzes found
Score Distribution
Percent of People with Each Score
Percentile by Number Answered
Your Score History
You have not taken this quiz